• 首页
  • 本馆介绍
  • 公告通知
  • 最新文献
  • 馆藏检索
  • 电子资源
  • 读者导购
  • 参考咨询
  • 我的图书馆
  • 登录
  • 详细信息显示
  • 放入我的书架
  • 预约/预借图书
  • 作者相关作品
  • 分类相关作品
  • 丛书相关作品
  • 出版社相关作品

书目信息

  • 表格格式
  • 工作单格式
  • 卡片格式
题名:
路遥文集1、2合卷
    
 
作者: 路遥 著
分册:  
出版信息: 西安   陕西人民出版社  1993.01
页数: 523页
开本: 19cm
丛书名:
单 册:
中图分类: I247.54
科图分类:
主题词: 小说--中国
电子资源:
ISBN: 7-224-02362-0
000 00555nam0 2200193 450
001 0836199505
005 20081020100537.71
010    @a7-224-02362-0@dCNY10.70
100    @a20081020d1993 km y0chiy0120 ea
101 0  @achi
102    @aCN@b610000
200 1  @a路遥文集1、2合卷@Alu yao wen ji 1、2 he juan@f路遥著@Flu yao zhu
210    @a西安@c陕西人民出版社@d1993.01
215    @a523页@d19cm
606 0  @a小说@x中国
690    @aI247.54@v4
701  0 @a路遥@Alu yao@4著
801  0 @aCN@b大连网信软件有限公司图书馆·11@c20081020
905    @aBZT@dI247.54@e10
    
    路遥文集1、2合卷/路遥著.-西安:陕西人民出版社,1993.01
    523页;19cm
    
    
    ISBN 7-224-02362-0:CNY10.70
    
●
相关链接 在五车中查询图书 在当当中查询图书 在豆瓣中查询图书


正题名:路遥文集1、2合卷     索取号:I247.54/10         预约/预借

序号 登录号 条形码 馆藏地/架位号 状态 备注
1 011687   201234084   中心书库中库/打包BH0916/ [索取号:I247.54/10] 在馆    
2 011688   201241263   中心书库中库/打包BH0916/ [索取号:I247.54/10] 在馆    
3 011690   201231130   中心书库中库/打包BH0910/ [索取号:I247.54/10] 在馆    
4 011691   201231121   中心书库中库/打包BH0910/ [索取号:I247.54/10] 在馆    
5 011693   201241272   中心书库中库/打包BH0916/ [索取号:I247.54/10] 在馆    
6 11686   200450001   中心书库中库/打包BH0910/ [索取号:I247.54/10] 在馆    
山东省滨州职业学院图书馆 欢迎您!
大连网信软件有限公司© 版权所有